Statistics for Rowing is Easy

Click here to take the quiz!

General Stats

  • This quiz has been taken 1,260 times
  • The average score is 3 of 10

Answer Stats

QuestionAnswer% Correct
Who would win in a 2000m race?Clark Dean
73%
Clark Dean?Clark Dean
58%
You are sitting at your tent waiting for the launch time of your race. You want to get some fuel in you to maximize your race performance. What’s the move?Gasoline
39%
How should you celebrate after winning a big race?Take out your giant 3'x5' sign that says, "NOTICE ME"
31%
Rowing through the 1000m mark during your Stotesbury Final, you look over to see you are one seat down from first place. How you approach the last 500mInject yourself with an epipen to receive an extra boost of energy to pass them.
21%
While preparing for the Z Final at Youth Nationals, you notice your biggest competitions boat is just sitting in slings out in the open. In order to not get last in the Z Final (156th in the nation,) what do you do?Throw their boat in a nearby wood chipper.
20%
In a 2000m race, what is the ideal move to make when at the FIRST 500m?Cry
19%
What’s your 2k?🥴
13%
You are sitting at the starting line waiting for your race to be called. You look over at your competition and notice they are trash talking you. What do you do?Jump out of the boat, swim over, & flip their boat.
10%
Which boat?Pair
8%

Score Distribution

Percentile by Number Answered

Percent of People with Each Score

Your Score History

You have not taken this quiz